ნორმალური ფორმატი
MARC ფორმატი
ჩანაწერი Personal Name
ჩანაწერთა რაოდენობა, რომელიც გამოყენებულია: 1
001 - CONTROL NUMBER
- control field: 4157
003 - CONTROL NUMBER IDENTIFIER
- control field: GE_BSU
005 - DATE AND TIME OF LATEST TRANSACTION
- control field: 20190920102419.0
008 - FIXED-LENGTH DATA ELEMENTS
- fixed length control field: 190920|| aca||aabn | a|a d
040 ## - CATALOGING SOURCE
- Original cataloging agency: GE_BSU
- Transcribing agency: GE_BSU
100 ## - HEADING--PERSONAL NAME
- Personal name: აბაშიძე , არჩილ
670 ## - SOURCE DATA FOUND
- Source citation: Work cat.: (GE_BSU)51608: აბაშიძე, ინდიკო. 4156, ავტომობილი ან-დან-ჰაე-მდე /
